| 000 | 02397nam a2200397 a 4500 | ||
|---|---|---|---|
| 001 | ebr10660551 | ||
| 003 | CaPaEBR | ||
| 006 | m u | ||
| 007 | cr cn||||||||| | ||
| 008 | 090513s2010 enk sb 001 0 eng d | ||
| 010 | _z 2009019840 | ||
| 020 | _z9781405161220 (pbk. : alk. paper) | ||
| 020 | _z1405161221 (pbk. : alk. paper) | ||
| 020 | _z9781444315363 (e-book) | ||
| 040 |
_aCaPaEBR _cCaPaEBR |
||
| 035 | _a(OCoLC)842962097 | ||
| 050 | 1 | 4 |
_aRT81.5 _b.H656 2010eb |
| 082 | 0 | 4 |
_a610.73072 _222 |
| 100 | 1 | _aHolloway, Immy. | |
| 245 | 1 | 0 |
_aQualitative research in nursing and healthcare _h[electronic resource] / _cImmy Holloway, Stephanie Wheeler. |
| 250 | _a3rd ed. | ||
| 260 |
_aChichester ; _aAmes, Iowa : _bWiley-Blackwell, _c2010. |
||
| 300 | _axii, 351 p. | ||
| 500 | _aRev. ed. of: Qualitative research in nursing / Immy Holloway, Stephanie Wheeler. 2nd ed. 2002. | ||
| 504 | _aIncludes bibliographical references and index. | ||
| 505 | 0 | _aThe nature and utility of qualitative research -- The paradigm debate : the place of qualitative research -- Initial steps in the research process -- Ethical considerations -- The issue of supervision -- Interviewing -- Participant observation and documents as sources of data -- Focus groups as qualitative research -- Sampling and site selection -- Ethnography -- Grounded theory -- Narrative inquiry -- Phenomenology -- Action research -- Additional approaches -- Mixed methods : combining qualitative and quantitative research -- Data analysis, procedures, practices, and computers -- Establishing quality : trustworthiness or validity -- Writing up qualitative research. | |
| 505 | 0 | _apt. 1. Introduction to qualitative research : initial stages -- pt. 2. Data collection -- pt. 3. Approaches to qualitative research -- pt. 4. Data analysis and completion. | |
| 533 |
_aElectronic reproduction. _bPalo Alto, Calif. : _cebrary, _d2013. _nAvailable via World Wide Web. _nAccess may be limited to ebrary affiliated libraries. |
||
| 650 | 0 |
_aNursing _xResearch _xMethodology. |
|
| 650 | 0 | _aQualitative research. | |
| 655 | 7 |
_aElectronic books. _2local |
|
| 700 | 1 | _aWheeler, Stephanie. | |
| 700 | 1 |
_aHolloway, Immy. _tQualitative research in nursing. |
|
| 710 | 2 | _aebrary, Inc. | |
| 856 | 4 | 0 |
_uhttp://site.ebrary.com/lib/rucke/Doc?id=10660551 _zAn electronic book accessible through the World Wide Web; click to view |
| 999 |
_c67801 _d67801 |
||